Statistics for Top 10 Most Visited Countries

Click here to take the quiz!

General Stats

  • This quiz has been taken 1,239 times
    (1,180 since last reset)
  • The average score is 8 of 10

Answer Stats

Visitors Per Year (avg)Country% Correct
59,700,000United States of America
99%
76,800,000France
98%
55,700,000China
95%
28,100,000United Kingdom
95%
26,900,000Germany
94%
52,700,000Spain
94%
43,600,000Italy
93%
22,400,000Mexico
84%
27,000,000Turkey
62%
24,600,000Malaysia
23%

Score Distribution

Percentile by Number Answered

Percent of People with Each Score

Your Score History

You have not taken this quiz since the last reset